| 000 | 00710nam a2200253Ia 4500 | ||
|---|---|---|---|
| 003 | OSt | ||
| 005 | 20221006145358.0 | ||
| 006 | a|||||r|||| 00| 0 | ||
| 007 | ta | ||
| 008 | 221006b |||||||| |||| 00| 0 eng d | ||
| 020 |
_c _54.45 |
||
| 024 | _a14,648 | ||
| 037 | _cTextual | ||
| 040 |
_aEASL _cEASL _beng |
||
| 041 |
_2eng _aeng |
||
| 082 | _aO41,2v, M7 | ||
| 100 |
_aTUNG Constantine Ed. _9654262 |
||
| 245 | 0 | _aDrama in the People's Republic of China | |
| 260 |
_aNew York _bState University of New Press _c1987 |
||
| 300 |
_a353p. _ccm. |
||
| 700 | _a MACKERRAS Colin Ed. | ||
| 942 |
_hO41,2v, M7 _cTEXL _2CC |
||
| 999 |
_c1082734 _d1082734 |
||